000 00293nam a22001217a 4500
020 _a0-07-037039-7
082 _a621.384165 LEE'M
100 _aLEE, WILLIAM C. Y
_957170
245 _aMOBILE COMMUNICATION ENGINEERING
260 _aNEWYORK
_bMCGRAW HILL
_c1982
300 _a464P
942 _cBK
999 _c567467
_d567467